00718nam a22002291 450000100060000000300080000600500170001400800390003103500200007004000310009004100080012108200210012910000460015024500850019625000120028126000370029330000310033049000320036150400360039365000210042970000380045017254BD-RjUL20211209000118.0140216s1959 nyua b 001 0 eng a(BD-RjUL) 17312 aDLC/ICUcICUdBD-RjULbeng aeng00a660.28bVIC 19591 aVilbrandt, Frank C.q(Frank Carl),d1893-10aChemical engineering plant design /cFrank C. Vilbrandt [and] Charles E. Dryden. a4th ed. aNew York :bMcGraw-Hill,cc1959. a534 p. :billus. ;c21 cm.0 aChemical engineering series aInclude bibliography and index. 0aChemical plants.1 aDryden, Charles E.ejoint author.